KOHA-Header-6

The Java Application Programming Interface (Record no. 9695)

000 -LEADER
fixed length control field 00283nam a2200109Ia 4500
100 ## - MAIN ENTRY--AUTHOR NAME
Personal name Gosling,James
245 #4 - TITLE STATEMENT
Title The Java Application Programming Interface
260 ## - PUBLICATION, DISTRIBUTION, ETC. (IMPRINT)
Place of publication Canada
Name of publisher Tata McGraw Hill
Year of publication 2000
300 ## - PHYSICAL DESCRIPTION
Number of Pages 266
942 ## - ADDED ENTRY ELEMENTS (KOHA)
Koha item type Books
Holdings
Withdrawn status Lost status Collection code Permanent Location Current Location Shelving location Date acquired Full call number Accession Number Koha item type
    Computer Languages MAJU MAJU Shelf No.A18 2019-09-14 658.31 5607 Computer Languages

Powered by Koha